The evolution and main features of China's foreign direct investment policies /
Saved in:
| 主要作者: | |
|---|---|
| 企业作者: | |
| 格式: | 图书 |
| 语言: | English |
| 出版: |
Adelaide, S. Aust., Australia :
Chinese Economy Research Centre, University of Adelaide :
1997.
|
| 丛编: | Working paper (University of Adelaide. Chinese Economies Research Centre) ;
no. 97/15. |
| 主题: | |
| 标签: |
添加标签
没有标签, 成为第一个标记此记录!
|
| LEADER | 01060nam a22002535a 4500 | ||
|---|---|---|---|
| 001 | 007780687-5 | ||
| 005 | 20020606104010.5 | ||
| 008 | 950605s1997 at 000 0 eng d | ||
| 020 | |a 0863965717 | ||
| 035 | 0 | |a ocm39290709 | |
| 043 | |a a-cc--- | ||
| 050 | 1 | 4 | |a HG5782 |b .C434 1997 |
| 100 | 1 | |a Chen, Chunlai. | |
| 245 | 1 | 4 | |a The evolution and main features of China's foreign direct investment policies / |c Chen Chunlai. |
| 260 | |a Adelaide, S. Aust., Australia : |b Chinese Economy Research Centre, University of Adelaide : |c 1997. | ||
| 490 | 1 | |a Working paper (University of Adelaide. Chinese Economies Research Centre) ; |v no. 97/15 | |
| 504 | |a Includes bibliographical references (pages 45-47). | ||
| 650 | 0 | |a Investments, Foreign |z China. | |
| 650 | 0 | |a Investments, Foreign |x Government policy |z China. | |
| 651 | 0 | |a China |x Economic conditions |y 1976-2000. | |
| 710 | 2 | |a University of Adelaide. |b Chinese Economies Research Centre. | |
| 830 | 0 | |a Working paper (University of Adelaide. Chinese Economies Research Centre) ; |v no. 97/15. | |
| 988 | |a 20020608 | ||
| 906 | |0 MH | ||


